000 00561nam a2200193Ia 4500
003 GCL
008 140319s9999 xx 000 0 ara d
040 _aGCL /
_cGCL
082 0 4 _aط
_b551.45
_bم ع
100 1 _aمكتبة الطفل
245 1 0 _aعالم اعماق البحار /
_cمكتبة الطفل
300 _a20 ص
490 _aالسلسلة العلمية
_v0
650 0 4 _aالاطفال
650 0 4 _aالبحار
650 0 4 _aاعماق البحار
650 0 4 _aالجغرافيا الطبيعية البحرية
942 _2ddc
_cBK
999 _c51368
_d51368